[Event "BL 1516 Schwäbisch Hall - Bayern Münc"]
[Site "?"]
[Date "2016.04.10"]
[Round "13.1"]
[White "Bischoff, Klaus"]
[Black "Li, Chao"]
[Result "0-1"]
[WhiteElo "2508"]
[BlackElo "2755"]
[PlyCount "56"]
[EventDate "2016.??.??"]

1. Nf3 d5 2. c4 d4 3. g3 c5 4. b4 cxb4 5. a3 bxa3 6. Bg2 Nc6 7. O-O Nf6 8. d3
g6 9. Nxa3 Bg7 10. Nb5 O-O 11. Bf4 Ne8 12. Qd2 Bg4 13. Rfb1 Qd7 14. Bh6 Nf6 15.
Bxg7 Kxg7 16. Qf4 Bxf3 17. Qxf3 a6 18. Na3 Rab8 19. Nc2 Qd6 20. Rb2 Rfc8 21.
Rab1 b5 22. cxb5 Rxb5 23. Rxb5 axb5 24. Rxb5 Ne5 25. Qf4 Rxc2 26. Qxe5 Rc1+ 27.
Bf1 Qc6 28. f3 Qc3 0-1

[Event "BL 1516 Schwäbisch Hall - Bayern Münc"]
[Site "?"]
[Date "2016.04.10"]
[Round "13.2"]
[White "Inarkiev, Ernesto"]
[Black "Schenk, Andreas"]
[Result "1-0"]
[WhiteElo "2679"]
[BlackElo "2474"]
[PlyCount "137"]
[EventDate "2016.??.??"]

1. e4 e6 2. d4 d5 3. Nc3 Nf6 4. e5 Nfd7 5. f4 c5 6. Nf3 Nc6 7. Be3 Be7 8. dxc5
Nxc5 9. Qd2 O-O 10. O-O-O a6 11. h4 b6 12. Kb1 f6 13. Nd4 Nxd4 14. Bxd4 fxe5
15. Bxe5 b5 16. g3 b4 17. Ne2 a5 18. Nd4 Qb6 19. Bg2 Ne4 20. Bxe4 dxe4 21. Qe3
Bc5 22. Rhf1 Ba6 23. Rf2 Rad8 24. Qxe4 Bb7 25. Qe3 Rd7 26. Rfd2 Rfd8 27. g4 a4
28. b3 axb3 29. cxb3 Bc8 30. h5 Rd5 31. Qf2 Qa7 32. Qh4 Qf7 33. Qh2 Bb7 34. Ka1
Ba6 35. Nc6 Rxd2 36. Rxd2 Rc8 37. Nd4 Bb7 38. Qe2 Bd5 39. Kb2 Qa7 40. Nb5 Qb7
41. Rc2 Bf8 42. Rxc8 Qxc8 43. Nc7 Qb7 44. Qc2 Qb6 45. Nxd5 exd5 46. Qd2 Qe6 47.
g5 g6 48. h6 Qc6 49. Qd3 Qc5 50. Bd4 Qc8 51. Be5 Qc5 52. Qf3 Qb5 53. Qg4 Qb6
54. Kb1 Qa6 55. Qf3 Qe6 56. Kc1 Be7 57. Qg2 Kf7 58. Kd2 Bd6 59. Qf2 Be7 60. Qd4
Bf8 61. Qa7+ Qe7 62. Qb6 Qe6 63. Qc7+ Kg8 64. Qb7 Qf7 65. Qc6 Be7 66. Qa8+ Qf8
67. Qxd5+ Qf7 68. Qc4 Bf8 69. Kd3 1-0

[Event "BL 1516 Schwäbisch Hall - Bayern Münc"]
[Site "?"]
[Date "2016.04.10"]
[Round "13.3"]
[White "Fedorovsky, Michael"]
[Black "Laznicka, Viktor"]
[Result "1/2-1/2"]
[WhiteElo "2476"]
[BlackElo "2673"]
[PlyCount "82"]
[EventDate "2016.??.??"]

1. d4 d6 2. Nf3 Bg4 3. c4 Nd7 4. g3 Bxf3 5. exf3 e6 6. Nc3 c6 7. d5 exd5 8.
cxd5 Ngf6 9. Bg2 Be7 10. O-O O-O 11. f4 Rc8 12. b3 Qa5 13. Bb2 Nb6 14. Re1 Rfe8
15. dxc6 bxc6 16. Ne4 Nxe4 17. Bxe4 Bf8 18. Qc2 h6 19. Bc3 Qc5 20. Qd2 Qh5 21.
Qd3 d5 22. Bh7+ Kh8 23. Bf5 Rcd8 24. Be5 c5 25. g4 Qh4 26. Re3 c4 27. Qc3 d4
28. Rh3 dxc3 29. Rxh4 Rxe5 30. fxe5 Rd2 31. Rc1 Bc5 32. Rh3 Rxf2 33. Kh1 g6 34.
Bb1 Nd5 35. bxc4 Ne3 36. Rxe3 Bxe3 37. Rxc3 Bf4 38. Kg1 Re2 39. Rf3 g5 40. h3
Rb2 41. Rb3 Bxe5 1/2-1/2

[Event "BL 1516 Schwäbisch Hall - Bayern Münc"]
[Site "?"]
[Date "2016.04.10"]
[Round "13.4"]
[White "Gharamian, Tigran"]
[Black "Mesaros, Florian"]
[Result "1-0"]
[WhiteElo "2627"]
[BlackElo "2307"]
[PlyCount "89"]
[EventDate "2016.??.??"]

1. e4 c5 2. Nf3 e6 3. g3 Nc6 4. Bg2 d5 5. exd5 exd5 6. d4 Nf6 7. O-O Be7 8. Nc3
c4 9. Ne5 O-O 10. h3 Be6 11. f4 Qb6 12. Kh2 Rad8 13. Rb1 Ne4 14. Nxe4 dxe4 15.
c3 f6 16. Ng4 f5 17. Ne3 Qa6 18. b4 Qxa2 19. Rb2 Qa3 20. Qc2 Nxd4 21. cxd4 Rxd4
22. Ra2 Qd3 23. Rxa7 Bxb4 24. Rxb7 c3 25. Qa4 Bc5 26. Qa5 Rc8 27. Rd1 Qxd1 28.
Nxd1 Rxd1 29. h4 Rxc1 30. Qa6 Re8 31. Qc6 Bg1+ 32. Kh3 Bf7 33. Rxf7 Kxf7 34.
Qd7+ Re7 35. Qxf5+ Kg8 36. Qc8+ Kf7 37. Qf5+ Kg8 38. Qc8+ Kf7 39. Bxe4 Rxe4 40.
Qf5+ Kg8 41. Qxe4 h6 42. f5 c2 43. Qe8+ Kh7 44. Qg6+ Kh8 45. f6 1-0

[Event "BL 1516 Schwäbisch Hall - Bayern Münc"]
[Site "?"]
[Date "2016.04.10"]
[Round "13.5"]
[White "Dragnev, Valentin"]
[Black "Cornette, Matthieu"]
[Result "1/2-1/2"]
[WhiteElo "2432"]
[BlackElo "2581"]
[PlyCount "120"]
[EventDate "2016.??.??"]

1. e4 c5 2. Nf3 Nc6 3. d4 cxd4 4. Nxd4 e5 5. Nb5 d6 6. g3 Be7 7. Bg2 a6 8. N5c3
Nf6 9. O-O O-O 10. Re1 b5 11. Bg5 Bg4 12. Qd3 Rc8 13. Bxf6 Nb4 14. Qd2 Bxf6 15.
a3 Nc6 16. Nd5 Nd4 17. Nbc3 Bg5 18. f4 Bh6 19. Ne3 Bh3 20. Rf1 Be6 21. Rf2 Qb6
22. Re1 Qa7 23. f5 Nxc2 24. Qxc2 Bxe3 25. fxe6 fxe6 26. Rxe3 Qxe3 27. Qd2 Qc5
28. Bf1 Rc7 29. Kg2 Rcf7 30. Rxf7 Rxf7 31. Bd3 h6 32. Bc2 Kf8 33. Qe2 Qc4 34.
Qd1 Ke7 35. Bb3 Qc5 36. Qe2 g5 37. Nd1 Qd4 38. Nf2 Rf8 39. Nd1 h5 40. Nc3 g4
41. Bd1 Rf3 42. Bc2 Kd7 43. h3 Qc4 44. Qe1 b4 45. hxg4 hxg4 46. axb4 Qxb4 47.
Qd2 Qc4 48. Qe1 Qd4 49. Ba4+ Ke7 50. Bd1 Re3 51. Be2 a5 52. Qc1 Kd8 53. Bxg4 a4
54. Bxe6 Qd3 55. Kh2 a3 56. Bg4 axb2 57. Qxb2 Qxc3 58. Qb8+ Ke7 59. Qa7+ Kf6
60. Qd7 Qc2+ 1/2-1/2

[Event "BL 1516 Schwäbisch Hall - Bayern Münc"]
[Site "?"]
[Date "2016.04.10"]
[Round "13.6"]
[White "Bogner, Sebastian"]
[Black "Belezky, Alexander"]
[Result "1-0"]
[WhiteElo "2546"]
[BlackElo "2431"]
[PlyCount "89"]
[EventDate "2016.??.??"]

1. d4 Nf6 2. c4 g6 3. Nf3 Bg7 4. g3 d6 5. Bg2 O-O 6. O-O Nc6 7. Nc3 a6 8. Qd3
Bd7 9. d5 Nb4 10. Qd1 a5 11. Be3 c5 12. h3 a4 13. a3 Na6 14. Nxa4 b5 15. cxb5
Bxb5 16. Nc3 Bd7 17. Nd2 Nc7 18. a4 Qc8 19. Nc4 Rb8 20. Kh2 Rb4 21. b3 Ng4+ 22.
hxg4 Bxc3 23. Rc1 Bg7 24. Bd2 Rb8 25. g5 Qb7 26. Na5 Qa8 27. b4 Nxd5 28. b5 Be6
29. Nc6 Rb7 30. Ba5 Ra7 31. Nxa7 Qxa7 32. Bxd5 Bxd5 33. Qxd5 Qxa5 34. Rc4 Be5
35. Kg2 e6 36. Qc6 d5 37. Rh4 c4 38. b6 Rb8 39. Rb1 Qd2 40. e3 c3 41. Rb5 Qa2
42. b7 Kg7 43. a5 Rf8 44. a6 c2 45. Rc5 1-0

[Event "BL 1516 Schwäbisch Hall - Bayern Münc"]
[Site "?"]
[Date "2016.04.10"]
[Round "13.7"]
[White "Reich, Thomas"]
[Black "Wirig, Anthony"]
[Result "1/2-1/2"]
[WhiteElo "2376"]
[BlackElo "2502"]
[PlyCount "105"]
[EventDate "2016.??.??"]

1. d4 Nf6 2. c4 g6 3. Nc3 d5 4. Nf3 Bg7 5. e3 O-O 6. cxd5 Nxd5 7. Bc4 Nxc3 8.
bxc3 Nc6 9. a4 Na5 10. Ba2 b6 11. O-O Ba6 12. Re1 c5 13. e4 Rc8 14. Bg5 cxd4
15. cxd4 Bc4 16. Qd2 Qd7 17. Bh6 Qxa4 18. Bxc4 Qxc4 19. Qf4 Nb3 20. Bxg7 Kxg7
21. Rxa7 Nc1 22. Qe3 Rfe8 23. h4 b5 24. h5 b4 25. h6+ Kg8 26. Ne5 Qc3 27. Qxc3
Rxc3 28. d5 b3 29. Rb7 f6 30. Nc6 b2 31. Kh2 Rb3 32. Rxb3 Nxb3 33. Rb1 Nd2 34.
Rxb2 Nxe4 35. Re2 f5 36. Nxe7+ Rxe7 37. f3 Re5 38. d6 Kf7 39. fxe4 fxe4 40. Kg3
Ke6 41. Rd2 Kd7 42. Rd1 e3 43. Kf3 e2 44. Re1 Kxd6 45. Rxe2 Rf5+ 46. Kg3 Rh5
47. Kf4 Rxh6 48. g4 Rh3 49. Kg5 h5 50. gxh5 gxh5 51. Re4 h4 52. Rxh4 Rxh4 53.
Kxh4 1/2-1/2

[Event "BL 1516 Schwäbisch Hall - Bayern Münc"]
[Site "?"]
[Date "2016.04.10"]
[Round "13.8"]
[White "Zeller, Frank"]
[Black "Unzicker, Ferdinand"]
[Result "1-0"]
[WhiteElo "2398"]
[BlackElo "2305"]
[PlyCount "107"]
[EventDate "2016.??.??"]

1. Nf3 c5 2. c4 Nc6 3. d4 cxd4 4. Nxd4 g6 5. e4 Bg7 6. Nc2 Nf6 7. Nc3 d6 8. Be2
O-O 9. O-O Nd7 10. Bd2 Nd4 11. Nxd4 Bxd4 12. Rc1 a5 13. Bg5 Bg7 14. Nd5 Re8 15.
Qd2 Nc5 16. Bf3 Bd7 17. Rfd1 Bc6 18. b3 Ne6 19. Be3 Nc5 20. Qe2 e6 21. Nc3 Qe7
22. Bf4 Red8 23. Qe3 Be5 24. Bh6 Qc7 25. g3 Qb6 26. Rb1 Qb4 27. Ne2 a4 28. Nd4
axb3 29. axb3 Bxd4 30. Rxd4 e5 31. Rd2 f6 32. h4 Ra3 33. Rdb2 b5 34. Qe2 bxc4
35. bxc4 Qc3 36. Bg2 Qd3 37. Qxd3 Rxd3 38. Rb8 Rxb8 39. Rxb8+ Kf7 40. f3 f5 41.
Rc8 Bd7 42. Rf8+ Ke7 43. exf5 gxf5 44. Rh8 Be6 45. Rxh7+ Kf6 46. Rg7 Rd4 47. h5
Rxc4 48. Rg6+ Kf7 49. Bg5 Nd7 50. Rh6 Nc5 51. Rh7+ Kg8 52. Re7 Rb4 53. h6 Rb7
54. h7+ 1-0

[Event "BL 1516 Erfurter SK - OSG Baden Baden"]
[Site "?"]
[Date "2016.04.10"]
[Round "13.1"]
[White "Adams, Michael"]
[Black "Romanov, Evgeny"]
[Result "1/2-1/2"]
[WhiteElo "2728"]
[BlackElo "2635"]
[PlyCount "75"]
[EventDate "2016.??.??"]

1. e4 e5 2. Nf3 Nc6 3. Bb5 a6 4. Ba4 Nf6 5. O-O Be7 6. Re1 b5 7. Bb3 d6 8. a4
Bg4 9. c3 O-O 10. h3 Bxf3 11. Qxf3 Na5 12. Bc2 c5 13. axb5 axb5 14. d3 b4 15.
Nd2 Nd7 16. Nf1 Bg5 17. Ne3 Nb6 18. Bd2 bxc3 19. bxc3 c4 20. d4 Nb3 21. Bxb3
cxb3 22. Rab1 Ra2 23. Bc1 Bxe3 24. Bxe3 b2 25. Qe2 Qc7 26. Rxb2 Rxb2 27. Qxb2
Na4 28. Qe2 Nxc3 29. Qd3 d5 30. exd5 Nxd5 31. dxe5 Qxe5 32. Bd2 Qd6 33. Re4 Qc6
34. Rd4 Nf6 35. Bc3 h6 36. Rd6 Qe4 37. Qd1 Rb8 38. Rd8+ 1/2-1/2

[Event "BL 1516 Erfurter SK - OSG Baden Baden"]
[Site "?"]
[Date "2016.04.10"]
[Round "13.2"]
[White "Mihok, Oliver"]
[Black "Kasimdzhanov, Rustam"]
[Result "1/2-1/2"]
[WhiteElo "2483"]
[BlackElo "2694"]
[PlyCount "55"]
[EventDate "2016.??.??"]

1. d4 Nf6 2. Nc3 d5 3. Bg5 Nbd7 4. Nf3 h6 5. Bh4 e6 6. e3 c5 7. Be2 Be7 8. O-O
O-O 9. Ne5 Nxe5 10. dxe5 Nd7 11. Bxe7 Qxe7 12. f4 a6 13. Bf3 b5 14. a3 Bb7 15.
Qe1 Rad8 16. Ne2 f6 17. Qh4 Rde8 18. exf6 Nxf6 19. Ng3 e5 20. Nh5 Nxh5 21. Qxe7
Rxe7 22. Bxh5 exf4 23. exf4 d4 24. g3 Rf6 25. Bg4 Rg6 26. Bf5 Rf6 27. Bg4 Rg6
28. Bf5 1/2-1/2

[Event "BL 1516 Erfurter SK - OSG Baden Baden"]
[Site "?"]
[Date "2016.04.10"]
[Round "13.3"]
[White "Shirov, Alexei"]
[Black "Braeuer, Franz"]
[Result "1-0"]
[WhiteElo "2686"]
[BlackElo "2412"]
[PlyCount "73"]
[EventDate "2016.??.??"]

1. d4 e6 2. e4 d5 3. e5 c5 4. c3 Ne7 5. Nf3 Nec6 6. Bd3 b6 7. O-O Be7 8. Re1
cxd4 9. cxd4 Ba6 10. Bc2 Nb4 11. Ba4+ Nd7 12. Nc3 Rc8 13. Re3 Nc6 14. Ne1 b5
15. Nxb5 Qb6 16. Rb3 Qa5 17. Nc3 Bc4 18. Rb7 Qa6 19. Rxd7 Kxd7 20. b3 Bb4 21.
Qf3 Rhf8 22. Rb1 f5 23. bxc4 Qxc4 24. Bd2 Bxc3 25. Rb7+ Rc7 26. Bxc6+ Qxc6 27.
Rxc7+ Kxc7 28. Bxc3 Rb8 29. h4 Qc4 30. Kh2 g6 31. Qe3 Kc8 32. Bd2 Rb2 33. Nd3
Rxa2 34. Nc5 Qc2 35. Qh6 Qxd2 36. Qf8+ Kc7 37. Qd6+ 1-0

[Event "BL 1516 Erfurter SK - OSG Baden Baden"]
[Site "?"]
[Date "2016.04.10"]
[Round "13.4"]
[White "Machelett, Heiko"]
[Black "Bacrot, Etienne"]
[Result "1/2-1/2"]
[WhiteElo "2406"]
[BlackElo "2698"]
[PlyCount "42"]
[EventDate "2016.??.??"]

1. Nf3 Nf6 2. c4 e6 3. Nc3 Bb4 4. Qc2 c5 5. e3 O-O 6. a3 Bxc3 7. Qxc3 b6 8. Be2
d6 9. O-O Qe7 10. b4 Nbd7 11. Bb2 Bb7 12. Rfd1 e5 13. d3 Rfe8 14. Qc2 Nf8 15.
Nd2 Ne6 16. Bf3 Rac8 17. Bxb7 Qxb7 18. b5 a5 19. Ne4 Qe7 20. Rf1 Nd7 21. Nc3
Nc7 1/2-1/2

[Event "BL 1516 Erfurter SK - OSG Baden Baden"]
[Site "?"]
[Date "2016.04.10"]
[Round "13.5"]
[White "Nisipeanu, Liviu-Dieter"]
[Black "Enders, Peter"]
[Result "1-0"]
[WhiteElo "2667"]
[BlackElo "2453"]
[PlyCount "107"]
[EventDate "2016.??.??"]

1. Nf3 Nf6 2. g3 e6 3. Bg2 c5 4. c4 Be7 5. O-O O-O 6. Nc3 a6 7. b3 d6 8. Bb2 b6
9. d4 cxd4 10. Nxd4 Ra7 11. e3 Bb7 12. Bxb7 Rxb7 13. f4 Qd7 14. g4 Nc6 15. g5
Ne8 16. Nxc6 Qxc6 17. a4 Rd7 18. Rc1 d5 19. cxd5 exd5 20. Qf3 Qb7 21. Ne2 Nd6
22. Ng3 Re8 23. Bd4 Bf8 24. Rc2 b5 25. a5 b4 26. Rfc1 Nb5 27. Be5 Nc3 28. Ne2
Nxe2+ 29. Qxe2 d4 30. Qg2 Qxg2+ 31. Kxg2 dxe3 32. Rc8 Rxc8 33. Rxc8 Rd2+ 34.
Kf3 e2 35. Kf2 f6 36. Ke1 Rd5 37. gxf6 gxf6 38. Bxf6 Kf7 39. Be5 Rxa5 40. Kxe2
Be7 41. Rc7 Ke8 42. Kd3 Ra3 43. Kc4 Ra2 44. Ra7 Rxh2 45. Rxa6 Kf7 46. f5 Rc2+
47. Kd5 Rd2+ 48. Bd4 Rd1 49. Rh6 Kg8 50. f6 Bf8 51. Rh4 Rd3 52. Ke6 h6 53. f7+
Kh7 54. Rg4 1-0

[Event "BL 1516 Erfurter SK - OSG Baden Baden"]
[Site "?"]
[Date "2016.04.10"]
[Round "13.6"]
[White "Troyke, Christian"]
[Black "Movsesian, Sergei"]
[Result "0-1"]
[WhiteElo "2350"]
[BlackElo "2659"]
[PlyCount "90"]
[EventDate "2016.??.??"]

1. g3 e5 2. c4 Nf6 3. Bg2 Bc5 4. Nc3 O-O 5. e3 Nc6 6. Nge2 a6 7. O-O d6 8. d4
Ba7 9. h3 Bf5 10. d5 Ne7 11. e4 Bd7 12. Qd3 Qb8 13. Bg5 Kh8 14. a4 Nfg8 15. b4
f5 16. Kh2 Ng6 17. exf5 Bxf5 18. Qd2 a5 19. bxa5 h6 20. Be3 Bxe3 21. fxe3 Rxa5
22. g4 Bd7 23. Rxf8 Qxf8 24. Ng3 Ra8 25. Be4 Nh4 26. Rf1 Qe7 27. Bc2 Rf8 28.
Qd3 g6 29. Qe2 b6 30. Nge4 Kg7 31. Kg3 Rxf1 32. Qxf1 Be8 33. Nb5 g5 34. Qf2 Bg6
35. Nbc3 Qd8 36. Kh2 Be8 37. Nb5 Bf7 38. Nbc3 Bg6 39. Nb5 Bxe4 40. Bxe4 Nf6 41.
Bb1 Qe7 42. Na7 Qd7 43. Nc6 Nxg4+ 44. hxg4 Qxg4 45. Qg3 Qe2+ 0-1

[Event "BL 1516 Erfurter SK - OSG Baden Baden"]
[Site "?"]
[Date "2016.04.10"]
[Round "13.7"]
[White "Meier, Georg"]
[Black "Mueller, Matthias"]
[Result "1/2-1/2"]
[WhiteElo "2659"]
[BlackElo "2382"]
[PlyCount "145"]
[EventDate "2016.??.??"]

1. Nf3 d5 2. g3 Nf6 3. Bg2 e6 4. O-O c5 5. c4 Nc6 6. d4 Be7 7. cxd5 exd5 8. Nc3
O-O 9. Bg5 cxd4 10. Nxd4 h6 11. Be3 Re8 12. Qb3 Na5 13. Qc2 Bg4 14. Nf5 Bb4 15.
Bd4 Bxc3 16. Bxc3 Rxe2 17. Qd3 Re8 18. Ne3 Be6 19. Qb5 b6 20. b4 Nb7 21. Bxf6
Qxf6 22. Nxd5 Bxd5 23. Bxd5 Nd6 24. Qa4 Rad8 25. Rae1 Re5 26. Rxe5 Qxe5 27. Rd1
Qe7 28. Bb3 Nc8 29. Rc1 Nd6 30. Rd1 Nc8 31. Rxd8+ Qxd8 32. Qc6 Nd6 33. Kg2 g6
34. a4 Qe7 35. Bd5 Kg7 36. a5 bxa5 37. bxa5 Qe5 38. a6 h5 39. h4 Qe7 40. Qc3+
Kh7 41. Bf3 Nf5 42. Qc6 Kg7 43. Be4 Nd6 44. Bd5 Qe5 45. Bf3 Qd4 46. Qc7 Ne4 47.
Qc2 Nc5 48. Be2 Qd5+ 49. Kg1 Qd4 50. Qc1 Nd7 51. Kf1 Ne5 52. Qc2 Ng4 53. Bxg4
hxg4 54. Qc6 Qd1+ 55. Kg2 Qd4 56. Qb5 Kg8 57. h5 gxh5 58. Qg5+ Kf8 59. Qxh5
Qe4+ 60. Kh2 Qd4 61. Qf5 Ke7 62. Kg2 Kf8 63. Qc8+ Kg7 64. Qe8 Qd5+ 65. Kh2 Qd4
66. Qe2 Kg6 67. Kg1 Qa1+ 68. Kg2 Qd4 69. Kh2 Kg7 70. Qc2 Kf8 71. Kg2 Kg7 72.
Qb3 Kg6 73. Qc2+ 1/2-1/2

[Event "BL 1516 Erfurter SK - OSG Baden Baden"]
[Site "?"]
[Date "2016.04.10"]
[Round "13.8"]
[White "Steinacker, Alex"]
[Black "Schlosser, Philipp"]
[Result "0-1"]
[WhiteElo "2193"]
[BlackElo "2551"]
[PlyCount "74"]
[EventDate "2016.??.??"]

1. g3 c5 2. Bg2 d5 3. Nf3 Nc6 4. O-O e5 5. d3 Nge7 6. c4 f6 7. Kh1 Be6 8. Nc3
Qd7 9. Qa4 O-O-O 10. a3 Kb8 11. b4 dxc4 12. dxc4 Nd4 13. Qxd7 Rxd7 14. bxc5
Nec6 15. Rb1 Bxc5 16. Nxd4 Nxd4 17. e3 Nc2 18. Na4 Rc8 19. Nxc5 Rxc5 20. Bb2
Bxc4 21. Rfd1 Rxd1+ 22. Rxd1 Rb5 23. Bc3 Rb3 24. Bd2 Nxa3 25. Be4 Bd3 26. Bd5
Rb5 27. e4 Nc2 28. f4 Nd4 29. fxe5 fxe5 30. Bf4 Nf3 31. Be3 Rb2 32. Bg1 Be2 33.
Ra1 Nd4 34. Be3 Bf3+ 35. Kg1 Rg2+ 36. Kf1 Rxh2 37. Ra4 Be2+ 0-1

[Event "BL 1516 Werder Bremen - Hansa Dortmund"]
[Site "?"]
[Date "2016.04.10"]
[Round "13.1"]
[White "Heberla, Bartlomiej"]
[Black "Areshchenko, Alexander"]
[Result "1-0"]
[WhiteElo "2532"]
[BlackElo "2674"]
[PlyCount "105"]
[EventDate "2016.??.??"]

1. e4 c5 2. c3 d5 3. exd5 Qxd5 4. d4 Nf6 5. Nf3 Bg4 6. Nbd2 Nc6 7. Bc4 Qd7 8.
Qb3 O-O-O 9. Bb5 Qd5 10. Qxd5 Rxd5 11. Bc4 Rd7 12. dxc5 e5 13. b4 e4 14. Ng5
Ne5 15. Bb5 Re7 16. Ngxe4 Nxe4 17. Nxe4 Nf3+ 18. gxf3 Bxf3 19. Rg1 Rxe4+ 20.
Be3 g6 21. Bd3 Rh4 22. Bd4 Rg8 23. Bf6 Bg7 24. Bxg7 Rxg7 25. Rg3 Bg4 26. Bf1 f5
27. h3 Bh5 28. Re3 g5 29. a4 g4 30. hxg4 Rgxg4 31. O-O-O Re4 32. Rde1 Rxe3 33.
Rxe3 Rh1 34. Re1 Rh2 35. Bc4 Rxf2 36. Re7 Bf3 37. Be6+ Kd8 38. Rxh7 Be4 39. Kd1
Bf3+ 40. Kc1 Be4 41. c4 Ra2 42. b5 Rxa4 43. Kb2 a6 44. Kc3 axb5 45. cxb5 f4 46.
Rf7 f3 47. Bc4 Ke8 48. Rf6 Kd7 49. Rd6+ Kc8 50. Be6+ Kb8 51. Rd8+ Ka7 52. b6+
Ka6 53. Bc4+ 1-0

[Event "BL 1516 Werder Bremen - Hansa Dortmund"]
[Site "?"]
[Date "2016.04.10"]
[Round "13.2"]
[White "Efimenko, Zahar"]
[Black "Zelbel, Patrick"]
[Result "1/2-1/2"]
[WhiteElo "2665"]
[BlackElo "2437"]
[PlyCount "94"]
[EventDate "2016.??.??"]

1. e4 c5 2. Nf3 d6 3. Bb5+ Bd7 4. c4 Nf6 5. Nc3 g6 6. d4 cxd4 7. Nxd4 Bg7 8.
O-O O-O 9. Bxd7 Qxd7 10. b3 Nc6 11. Bb2 Qg4 12. f3 Qh5 13. Nde2 Rfd8 14. Kh1 e6
15. Rb1 a6 16. a3 Qa5 17. f4 d5 18. b4 Qb6 19. cxd5 exd5 20. Nxd5 Nxd5 21. exd5
Ne7 22. Bxg7 Kxg7 23. Nc3 Rac8 24. Qd3 Nf5 25. Rf3 Re8 26. Ne4 Rcd8 27. Rd1 Re7
28. d6 Re6 29. g4 Qc6 30. gxf5 Rxe4 31. Qc3+ Qxc3 32. Rxc3 Rd7 33. fxg6 hxg6
34. Rc7 Rxc7 35. dxc7 Rc4 36. Rd7 Kf6 37. a4 Ke6 38. c8=Q Rxc8 39. Rxb7 Rc4 40.
f5+ Kxf5 41. Rxf7+ Kg4 42. Rf6 g5 43. b5 a5 44. Rf1 Rxa4 45. Rb1 Rd4 46. b6 Rd8
47. b7 Rb8 1/2-1/2

[Event "BL 1516 Werder Bremen - Hansa Dortmund"]
[Site "?"]
[Date "2016.04.10"]
[Round "13.3"]
[White "Pap, Misa"]
[Black "Edouard, Romain"]
[Result "1/2-1/2"]
[WhiteElo "2480"]
[BlackElo "2632"]
[PlyCount "104"]
[EventDate "2016.??.??"]

1. e4 e5 2. Nf3 Nc6 3. Bc4 Nf6 4. d4 exd4 5. O-O Nxe4 6. Re1 d5 7. Bxd5 Qxd5 8.
Nc3 Qd8 9. Rxe4+ Be7 10. Nxd4 f5 11. Rf4 O-O 12. Nxc6 bxc6 13. Rd4 Qe8 14. Bf4
Bf6 15. Rd3 Qf7 16. Qd2 Re8 17. h3 Rb8 18. Re1 Rxe1+ 19. Qxe1 Rxb2 20. Be5 Ba6
21. Re3 h6 22. Qc1 Rb6 23. Qa3 f4 24. Re4 Bxe5 25. Rxe5 f3 26. g4 Qc4 27. Re8+
Kh7 28. Re1 Qf4 29. Qc1 Qxc1 30. Rxc1 Rb4 31. a3 Rd4 32. Kh2 Rc4 33. Nd1 Ra4
34. Ra1 Be2 35. Ne3 Kg6 36. Kg3 Kf6 37. Rb1 Ke6 38. Rb7 Kd7 39. Rb3 g6 40. h4
h5 41. g5 c5 42. Rb8 Rxa3 43. Rg8 Ra6 44. Nd5 Rd6 45. Nf6+ Ke6 46. Rxg6 Kf5 47.
Rg8 a5 48. Nxh5 a4 49. Nf4 a3 50. Rf8+ Ke5 51. Re8+ Kf5 52. Rf8+ Ke5 1/2-1/2

[Event "BL 1516 Werder Bremen - Hansa Dortmund"]
[Site "?"]
[Date "2016.04.10"]
[Round "13.5"]
[White "Mainka, Romuald"]
[Black "Smerdon, David"]
[Result "0-1"]
[WhiteElo "2405"]
[BlackElo "2529"]
[PlyCount "60"]
[EventDate "2016.??.??"]

1. e4 d5 2. exd5 Nf6 3. Bb5+ Nbd7 4. d4 Nxd5 5. Nf3 c6 6. Ba4 a5 7. c3 g6 8.
O-O Bg7 9. Re1 O-O 10. Bc2 c5 11. Na3 cxd4 12. Nxd4 Nc5 13. Nc4 a4 14. a3 Qc7
15. Nb5 Qc6 16. Nd4 Qc7 17. Qe2 b6 18. Nb5 Qd7 19. Ne5 Bxe5 20. Qxe5 f6 21. Qg3
Qxb5 22. Bxg6 hxg6 23. Qxg6+ Kh8 24. Qh5+ Kg8 25. Rd1 Qe8 26. Qxd5+ Be6 27. Qf3
Qg6 28. Qe2 Kf7 29. Be3 Nb3 30. Rab1 Bf5 0-1

[Event "BL 1516 Werder Bremen - Hansa Dortmund"]
[Site "?"]
[Date "2016.04.10"]
[Round "13.6"]
[White "Werle, Jan"]
[Black "Kotter, Ralf"]
[Result "1-0"]
[WhiteElo "2554"]
[BlackElo "2348"]
[PlyCount "97"]
[EventDate "2016.??.??"]

1. d4 Nf6 2. c4 e6 3. Nf3 b6 4. g3 Ba6 5. b3 Bb4+ 6. Bd2 Be7 7. Nc3 d5 8. cxd5
exd5 9. Bg2 O-O 10. O-O Bb7 11. Qc2 Na6 12. Rfd1 h6 13. Bf4 Bd6 14. Bxd6 Qxd6
15. a3 c6 16. b4 Nc7 17. Qb2 Rfe8 18. e3 Ne6 19. a4 a6 20. Rac1 Rac8 21. Rc2
Nf8 22. Ne5 N6d7 23. Nd3 Nh7 24. a5 Nhf6 25. axb6 Nxb6 26. Nc5 Qc7 27. Bf1 Ra8
28. Ra1 Nc4 29. Bxc4 dxc4 30. Qa2 Bc8 31. Qxc4 Bg4 32. e4 a5 33. Rca2 Nh7 34.
f4 g5 35. f5 h5 36. Rxa5 Rxa5 37. bxa5 h4 38. Qd3 Qb8 39. Rb1 Qc7 40. a6 Qa5
41. Nd7 Bh3 42. gxh4 g4 43. Qc4 Qd8 44. Ne5 Rxe5 45. dxe5 Qxh4 46. a7 Ng5 47.
a8=Q+ Kh7 48. Qxf7+ Nxf7 49. Qa7 1-0

[Event "BL 1516 Werder Bremen - Hansa Dortmund"]
[Site "?"]
[Date "2016.04.10"]
[Round "13.7"]
[White "Karger, Frank"]
[Black "Markgraf, Alexander"]
[Result "0-1"]
[WhiteElo "2276"]
[BlackElo "2510"]
[PlyCount "71"]
[EventDate "2016.??.??"]

1. d4 f5 2. Nc3 Nf6 3. Bg5 d5 4. Bxf6 exf6 5. e3 Be6 6. Qf3 Nc6 7. Bb5 Qd7 8.
Nge2 a6 9. Ba4 g5 10. a3 O-O-O 11. b4 h5 12. h4 b5 13. Bb3 Ne7 14. g3 f4 15.
gxf4 Bg4 16. Qg2 gxh4 17. Rxh4 c6 18. f3 Be6 19. Nd1 Nf5 20. Rh2 h4 21. c3 h3
22. Qf2 Bd6 23. a4 Kb7 24. axb5 axb5 25. e4 Nh4 26. Ne3 dxe4 27. d5 Nxf3+ 28.
Kd1 Bb8 29. Nd4 Nxd4 30. cxd4 cxd5 31. Qa2 Kc7 32. Rc1+ Kd6 33. Bxd5 Ke7 34.
Bxe6 Qxd4+ 35. Rd2 Qxd2+ 36. Qxd2 0-1

[Event "BL 1516 Werder Bremen - Hansa Dortmund"]
[Site "?"]
[Date "2016.04.10"]
[Round "13.8"]
[White "Meins, Gerlef"]
[Black "Schroeder, Kevin"]
[Result "1/2-1/2"]
[WhiteElo "2414"]
[BlackElo "2345"]
[PlyCount "94"]
[EventDate "2016.??.??"]

1. d4 d5 2. Nf3 e6 3. c4 dxc4 4. e3 b5 5. a4 b4 6. Bxc4 Nf6 7. O-O Bb7 8. Nbd2
Be7 9. Nb3 O-O 10. Ne5 a5 11. Qe2 Nbd7 12. Nxd7 Qxd7 13. f3 Bc6 14. Bb5 Bxb5
15. axb5 a4 16. Nc5 Bxc5 17. dxc5 Rfb8 18. Rd1 Qe8 19. c6 Ra5 20. Qc4 Raxb5 21.
Rxa4 R5b6 22. Ra6 Rxa6 23. Qxa6 Rb6 24. Qa4 h6 25. Bd2 Qxc6 26. Qxc6 Rxc6 27.
Bxb4 Nd5 28. Bd2 Rc2 29. e4 Nb6 30. Bf4 Rxb2 31. Bxc7 Nc4 32. Bf4 e5 33. Rc1
exf4 34. Rxc4 g5 35. h4 Kg7 36. Rc5 Kg6 37. Rf5 f6 38. Kh2 h5 39. Kh3 Rf2 40.
hxg5 fxg5 41. Ra5 Rf1 42. Ra6+ Kf7 43. Ra7+ Kf6 44. Ra6+ Ke7 45. Kh2 g4 46.
fxg4 hxg4 47. Rg6 Re1 1/2-1/2

[Event "BL 1516 Turm Emsdetten - SV Mülheim No"]
[Site "?"]
[Date "2016.04.10"]
[Round "13.1"]
[White "Navara, David"]
[Black "Spoelman, Wouter"]
[Result "1-0"]
[WhiteElo "2726"]
[BlackElo "2582"]
[PlyCount "71"]
[EventDate "2016.??.??"]

1. e4 c5 2. Nf3 d6 3. d4 cxd4 4. Nxd4 Nf6 5. Nc3 a6 6. Bg5 Nbd7 7. Qe2 e6 8. f4
Qc7 9. O-O-O Be7 10. g4 h6 11. Bh4 g5 12. fxg5 hxg5 13. Bxg5 b5 14. Bg2 Ne5 15.
h3 b4 16. Nb1 Bb7 17. Nd2 Nh5 18. Bxe7 Nf4 19. Qf1 Kxe7 20. Kb1 Nxg2 21. Qxg2
a5 22. Qf2 a4 23. g5 Rhc8 24. Rhe1 Ra5 25. h4 Rc5 26. Qf6+ Ke8 27. g6 Nxg6 28.
Nxe6 fxe6 29. Qxe6+ Ne7 30. Nc4 Rxc4 31. Rg1 Kd8 32. Rxd6+ Qxd6 33. Qxd6+ Ke8
34. Qe6 Kd8 35. Rd1+ Kc7 36. Qd6# 1-0

[Event "BL 1516 Turm Emsdetten - SV Mülheim No"]
[Site "?"]
[Date "2016.04.10"]
[Round "13.2"]
[White "Pruijssers, Roeland"]
[Black "Tregubov, Pavel V"]
[Result "1/2-1/2"]
[WhiteElo "2467"]
[BlackElo "2588"]
[PlyCount "78"]
[EventDate "2016.??.??"]

1. e4 e6 2. d4 d5 3. e5 c5 4. c3 Nc6 5. Nf3 Qb6 6. Be2 cxd4 7. cxd4 Nh6 8. Na3
Bxa3 9. bxa3 Nf5 10. Be3 Nxe3 11. fxe3 Qa5+ 12. Qd2 Bd7 13. O-O Qxd2 14. Nxd2
Ke7 15. Nb3 Rhc8 16. Rac1 Nd8 17. Bd3 Rxc1 18. Rxc1 Rc8 19. Rxc8 Bxc8 20. Kf2
Bd7 21. h4 h6 22. e4 Bc6 23. Ke3 b6 24. g4 dxe4 25. Bxe4 Bd5 26. Nc1 f6 27.
Bxd5 exd5 28. Nd3 fxe5 29. Nxe5 Ke6 30. a4 Nb7 31. Nc6 a5 32. Na7 Nd6 33. Nb5
Nc4+ 34. Kf4 g6 35. Nc7+ Kd6 36. Ne8+ Ke7 37. Nc7 Kd6 38. Ne8+ Ke7 39. Nc7 Kd6
1/2-1/2